banner-ar

علم الاجتماع الطبى / (Record no. 55275)

MARC details
000 -الفاتح
حقل البيانات ثابتة الطول 00683nam a2200217Ia 4500
008 - عناصر البيانات ثابتة الطول - معلومات عامة
حقل البيانات ثابتة الطول 140319s9999 xx 000 0 ara d
040 ## - مصدر الفهرسة
وكالة الفهرسة الأصلية GCL /
وكالة النسخ GCL
082 04 - رقم تصنيف ديوى العشرى
رقم التصنيف 301
رقم المادة ع ع
100 1# - المدخل الرئيسى - إسم شخصى
الإسم الشخصى محمد احمد بيومى
245 10 - بيان العنوان
العنوان علم الاجتماع الطبى /
بيان المسئوليه,etc محمد احمد بيومى
700 1# - المدخل الاضافى - اسم شخصى
الإسم الشخصى سامية محمد جابر
700 1# - المدخل الاضافى - اسم شخصى
الإسم الشخصى السيد عبدالعاطى السيد
700 1# - المدخل الاضافى - اسم شخصى
الإسم الشخصى على عبدالرزاق حلبى
260 ## - PUBLICATION, DISTRIBUTION, ETC. (IMPRINT)
تاريخ النشر أو التوزيع 1990
300 ## - الوصف المادى
التعداد 414
490 ## - بيان السلسلة
عنوان السلسلة
650 04 - المدخل الاضافى بالموضوع-مصطلح موضوعى
مصطلح موضوعي الاجتماع
650 04 - المدخل الاضافى بالموضوع-مصطلح موضوعى
مصطلح موضوعي الاجتماع الطبى، علم
942 ## - عناصر المدخل الإضافي( كوها)
مصدر التصنيف او مخطط الترفيف Dewey Decimal Classification
Koha [default] item type كتاب
260 ## - PUBLICATION, DISTRIBUTION, ETC. (IMPRINT)
-- [S.N] :
-- دار المعرفة الجامعية ،
Holdings
حالة التراجع حالة الفقد حالة تلف ليس للاعارة المكان المؤقت الموقع الحالى تاريخ الاكتساب اجمالي اﻻعارات رقم الطلب الباركود تاريخ اخر مشاهدة تاريخ تفعيل السعر نوع وعاء كوها
        مكتبة القاهرة الكبرى مكتبة القاهرة الكبرى 03/26/2014   301\ع ع 132793 03/26/2014 03/26/2014 كتاب

Powered By

EGPV